01697cam a22003615a 450000100090000000300040000900500170001300800410003001000170007101500190008801600180010702000420012502000220016703500240018904000230021304100130023604200140024905000210026308200230028410000180030724000310032524501630035626000580051930000270057749000280060450000260063250400410065850504530069960000660115270000360121870000270125483000540128116397011OSt20150408113952.0111203r20102009enk b 000 0 eng d a 2010514063 aGBB0275062bnb7 a0154890692Uk a9780199580507 (pbk. : acidfree paper) a0199580502 (pbk.) a(OCoLC)ocn520714684 aUKMcUKMdC#PdDLC1 aenghper alccopycat00aPK6513b.A1 201004a891.5511 O K R2220 aOmar Khayyam.10aRubāʻīyāt.lEnglish10aRubáiyát of Omar Khayyám :bthe astronomer-poet of Persia /c[translated by] Edward FitzGerald ; edited with an introduction and notes by Daniel Karlin. aOxford ;aNew York :bOxford University Press,c2010. alxix, 167 p. ;c20 cm.1 aOxford world's classics aFirst published 2009. aIncludes bibliographical references.0 aAbbreviations -- Introduction -- Publication history -- Note on the text -- Note on the pronunciation and transcription of Persian words -- Select bibliography -- A chronology of Edward Fitzgerald -- Rubáiyát of Omar Khayyam -- Tables of corresponding stanzas -- Variants -- Appendix I : critical responses to the Rubáiyát in FitzGerald's lifetime : four reviews and a polemical article -- Appendix II : Alfred Tennyson, "To E. FitzGerald."10aFitzGerald, Edward,d1809-1883xCriticism and interpretation.1 aFitzGerald, Edward,d1809-1883.1 aKarlin, Daniel,d1953- 0aOxford world's classics (Oxford University Press)